| 000 | 00480nam a2200169Ia 4500 | ||
|---|---|---|---|
| 003 | IN-BaIIA | ||
| 008 | 211028s9999 xx 000 0 eng d | ||
| 040 | _cIIA Library | ||
| 080 |
_a658.31 _bAGA |
||
| 100 |
_aAgarwala, Prasad Beni _97320 |
||
| 245 | 4 |
_aThe minimum wages act 1948 _cPrasad Beni Agarwala |
|
| 260 |
_aAllahabad _bRam Narainlal Beni Prasad Law _c1973 |
||
| 300 | _a44p. | ||
| 650 |
_aCentral Government Rules _97081 |
||
| 650 |
_aOthers Thesaurus _9637 |
||
| 942 | _cBK | ||
| 999 |
_c4158 _d4158 |
||